<?xml version="1.0" encoding="UTF-8"?><?xml-stylesheet type="text/xsl" href="static/style.xsl"?><OAI-PMH xmlns="http://www.openarchives.org/OAI/2.0/" xmlns:xsi="http://www.w3.org/2001/XMLSchema-instance" xsi:schemaLocation="http://www.openarchives.org/OAI/2.0/ http://www.openarchives.org/OAI/2.0/OAI-PMH.xsd"><responseDate>2026-04-13T01:48:51Z</responseDate><request verb="GetRecord" identifier="oai:www.recercat.cat:2072/393797" metadataPrefix="marc">https://recercat.cat/oai/request</request><GetRecord><record><header><identifier>oai:recercat.cat:2072/393797</identifier><datestamp>2026-04-02T00:53:58Z</datestamp><setSpec>com_2072_98</setSpec><setSpec>col_2072_378192</setSpec></header><metadata><record xmlns="http://www.loc.gov/MARC21/slim" xmlns:dcterms="http://purl.org/dc/terms/" xmlns:xsi="http://www.w3.org/2001/XMLSchema-instance" xmlns:doc="http://www.lyncode.com/xoai" xsi:schemaLocation="http://www.loc.gov/MARC21/slim http://www.loc.gov/standards/marcxml/schema/MARC21slim.xsd">
   <leader>00925njm 22002777a 4500</leader>
   <datafield ind2=" " ind1=" " tag="042">
      <subfield code="a">dc</subfield>
   </datafield>
   <datafield ind2=" " ind1=" " tag="720">
      <subfield code="a">Bori, Pau</subfield>
      <subfield code="e">author</subfield>
   </datafield>
   <datafield ind2=" " ind1=" " tag="260">
      <subfield code="c">2011</subfield>
   </datafield>
   <datafield ind2=" " ind1=" " tag="520">
      <subfield code="a">La relació literària entre el serbi i el català es caracteritza per les poques traduccions existents entre les dues llengües al llarg de la història. En els darrers anys, però, han augmentat les traduccions del català al serbi i -en menor mesura- en la direcció inversa. L'esforç entusiasta dels traductors, les trobades d'escriptors i els programes institucionals de difusió de la cultura catalana a l'estranger han impulsat els intercanvis literaris entre les dues cultures. S'han publicat un total de catorze llibres de literatura catalana en serbi i, en diverses revistes literàries sèrbies, han aparegut una cinquantena de traduccions de poemes o fragments d'obres d'autors catalans. De literatura sèrbia en català, només hi ha sis llibres traduïts però hi ha un nombre molt més significatiu de traduccions publicades en revistes literàries o a la xarxa.</subfield>
   </datafield>
   <datafield ind2=" " ind1=" " tag="520">
      <subfield code="a">The literary relationship between Serbia and Catalonia is characterized by the small amount of translated works throughout history. In recent years, however, important increase in number of translations from Catalan to Serbian and to a lesser extent from Serbian to Catalan is seen. The enthusiastic efforts from the translators, meetings between writers and institutional programs to promote Catalan culture abroad played the main role in literary exchange between two cultures. From Catalan to Serbian was published a total of fourteen books, and in several literary magazines appeared around fifty poems and fragments of different works by Catalan writers. Only six books were translated from Serbian to Catalan and the amount of translated work published in literary magazines or online is much more significant.</subfield>
   </datafield>
   <datafield tag="653" ind2=" " ind1=" ">
      <subfield code="a">Traducció català-serbi</subfield>
   </datafield>
   <datafield tag="653" ind2=" " ind1=" ">
      <subfield code="a">Traducció serbi-català</subfield>
   </datafield>
   <datafield tag="653" ind2=" " ind1=" ">
      <subfield code="a">Intercanvis literaris</subfield>
   </datafield>
   <datafield tag="653" ind2=" " ind1=" ">
      <subfield code="a">Translation Catalan-Serbian</subfield>
   </datafield>
   <datafield tag="653" ind2=" " ind1=" ">
      <subfield code="a">Translation Serbian-Catalan</subfield>
   </datafield>
   <datafield tag="653" ind2=" " ind1=" ">
      <subfield code="a">Literary exchanges</subfield>
   </datafield>
   <datafield ind2="0" ind1="0" tag="245">
      <subfield code="a">Traduccions del català al serbi i del serbi al català</subfield>
   </datafield>
</record></metadata></record></GetRecord></OAI-PMH>